| 000 | 00907nam a2200265Ia 4500 | ||
|---|---|---|---|
| 003 | OSt | ||
| 005 | 20220923211119.0 | ||
| 006 | a|||||r|||| 00| 0 | ||
| 007 | ta | ||
| 008 | 220922b |||||||| |||| 00| 0 hin d | ||
| 020 |
_a8181435079 (hbk) _c300 |
||
| 024 | _a235,938 | ||
| 037 |
_b485, 21/03/2008, Vani Prakashan _cTextual |
||
| 040 |
_aARTS _cARTS _bhin |
||
| 041 |
_2hin _ahin |
||
| 082 | _a4,43, 152P7 | ||
| 100 |
_aतिवारी, मनोज _9158366 |
||
| 245 | 0 | _aफिल्म पत्रकारिता | |
| 246 | _aFilma patrakāritā | ||
| 260 |
_aनयी दिल्ली _b वाणी प्रकाशन _c2007 |
||
| 300 |
_a225पृ. _ccm. |
||
| 650 |
_aहिन्दी पत्रकारिता _9158367 |
||
| 942 |
_h4,43, 152P7 _cTEXL _2CC |
||
| 999 |
_c295454 _d295454 |
||